000 01164nam a2200325 4500
001 0000023708
003 CO-CtgCURN
005 20250331184451.0
007 ta
008 160627s2012 000 0 eng d
020 _a9789586539920
040 _aCO-CtgCURN
_bspa
_ccoctgcurn
082 0 _a347.7
_bC718col
110 2 _aColombia.
245 1 0 _aCódigo de comercio.
250 _a28a ed.
260 _aBogotá :
_bLegis,
_c2012.
300 _a766 p.
336 _2rdacontent
337 _2rdamedia
_asin mediacion
_bn
338 _2rdacarrier
_avolumen
_bnc
490 1 _aCódigos basicos
500 _aIncluye abreviaturas utilizadas, indice general e indice alfabetico.
505 8 _aDe los comerciantes y de los asuntos de comercio.--De las sociedades comerciales.--De los bienes mercantiles.--De los contratos y obligaciones mercantiles.--Procedimientos.--Suplemento
650 1 4 _aDerecho comercial
_vLegislacion
_zColombia.
908 _a160627
942 _cBK
_h347.7
_iC718col
_2ddc
999 _c20502
_d20502